000 00758nam a2200241 a 4500
001 BRCA_3575
005 20190320204335.0
008 050809s1954----au a---###---#000-0#ger-#
041 _ager
044 _aau
050 4 _aN1677
_b.F55 1954
100 1 _aFillitz, Hermann
_99280
245 1 0 _aDie Insignien und Kleinodien des Heiligen Römischen Reiches
_cHermann Fillitz.
260 _aWien
_bAnton Schroll
_c1954
300 _a67 p.
_bil., 70 láminas (algunas a color)
_c25 cm.
500 _aB243
610 2 4 _aKunsthistoriesches Museum Schatzkammer (Viena)
_99281
650 1 4 _aSacro Imperio Romano Germánico
_xInsignias
_99282
650 1 4 _aInsignias reales
_99283
650 1 4 _aGalerías y museos
_zAustria
_97952
902 _aGFM
942 _2lcc
_cB
999 _c3310
_d3310